Insect Toxicology/ by Nihal R, N. Venugopala Rao and Goutam B. Hosamani (Record no. 52474)

MARC details
000 -LEADER
fixed length control field 00675nam a22001817a 4500
003 - CONTROL NUMBER IDENTIFIER
control field OSt
008 - FIXED-LENGTH DATA ELEMENTS--GENERAL INFORMATION
fixed length control field 260629b |||||||| |||| 00| 0 eng d
020 ## - INTERNATIONAL STANDARD BOOK NUMBER
International Standard Book Number 9789366269214
082 ## - DEWEY DECIMAL CLASSIFICATION NUMBER
Classification number 632.9517
Item number R11I
100 ## - MAIN ENTRY--PERSONAL NAME
Personal name R, Nihal
245 ## - TITLE STATEMENT
Title Insect Toxicology/ by Nihal R, N. Venugopala Rao and Goutam B. Hosamani
260 ## - PUBLICATION, DISTRIBUTION, ETC. (IMPRINT)
Place of publication, distribution, etc New Delhi:
Name of publisher, distributor, etc International Books & Periodicals Supply Service,
Date of publication, distribution, etc 2025
300 ## - PHYSICAL DESCRIPTION
Extent ix, 294 p.
650 ## - SUBJECT ADDED ENTRY--TOPICAL TERM
Topical term or geographic name as entry element Agriculture and related technologies | Plant injuries, diseases, pests | Toxicology of Insecticides / Action of poisons on insects (Insect Toxicology)
700 ## - ADDED ENTRY--PERSONAL NAME
Personal name Rao, Venugopala
700 ## - ADDED ENTRY--PERSONAL NAME
Personal name Hosamani, Goutam B
942 ## - ADDED ENTRY ELEMENTS (KOHA)
Source of classification or shelving scheme
Koha item type Books
Holdings
Withdrawn status Lost status Source of classification or shelving scheme Damaged status Not for loan Home library Current library Shelving location Date acquired Source of acquisition Cost, normal purchase price Full call number Barcode Date last seen Bill Date Koha item type Bill Number
          Dr. Rajendra Prasad Central Agricultural University Pusa, Dr. Rajendra Prasad Central Agricultural University Pusa, General Stacks 29/06/2026 IBPSS, 2950.00 632.9517 R11I 87186 29/06/2026 28/01/2026 Books Invoice No. IBPS/021/2025-26
Hosted, Implemented, Customized & Maintained by: BestBookBuddies

Powered by Koha